00557cam a22002171 4500001001300000003000400013005001700017008004100034010001700075035002000092040001800112042001200130050001600142100002800158245004900186260001100235300001900246490000600265650005100271999001700322ne 64001680 DLC20260227111802.0890228s1964 xx 000 0 ara  ane 64001680  a(OCoLC)23501202 aDLCcMiUdDLC apremarc00aPJ7580b.K51 aKhūrshīd, Fārūq10aAḍwāʼ ʻalā al-siyar al-shaʻbīyah. c[1964] a186 p.c17 cm.0 a# 0aFolk literature, ArabicxHistory and criticism c47198d47198